| 000 | 00375nam a2200157 i 4500 | ||
|---|---|---|---|
| 001 | bg | ||
| 245 | 0 | _aSignificance of Defect in Welded Structures. | |
| 260 |
_aTokyo : _bUniversity of Tokyo, _c1974. |
||
| 020 | _a0860081141 | ||
| 040 | _cBPK | ||
| 041 | _apol | ||
| 080 | _a620.1 | ||
| 920 | _a0-86008-114-1 | ||
| 942 | _cKS | ||
| 008 | s pl f |000 0 pol | ||
| 999 |
_c18183 _d18183 |
||
| 856 |
_uhttp://koha.tu.koszalin.pl/cgi-bin/koha/opac-detail.pl?biblionumber=18183 _yKatalog online BPK |
||